000 00583nam a2200229Ia 4500
003 OSt
005 20220928115707.0
006 a|||||r|||| 00| 0
007 ta
008 220927b |||||||| |||| 00| 0 eng d
024 _a63000
037 _cTextual
040 _aSDCL
_cSDCL
_beng
041 _2eng
_aeng
082 _aP111:3, L6
100 _aCulicover Peter W
_9445589
245 0 _aSyntax.
260 _aNew York
_b Academic Press
_c1976
300 _axi,316p.
_ccm.
942 _hP111:3, L6
_cTEXL
_2CC
999 _c760508
_d760508